| 000 | 00651nam a2200205 i 4500 | ||
|---|---|---|---|
| 001 | 188119 | ||
| 003 | SpMaBN | ||
| 005 | 20240127063015.0 | ||
| 008 | 180504q1956 sp |||| | spa d | ||
| 080 | _a821.131.1-31"12" | ||
| 100 | 0 |
_aDante Alighieri, _d1265-1321 _942657 |
|
| 245 | 1 | 3 |
_aLa divina comedia / _cDante Alighieri ; versión de Ernesto Mur ; portada de Coll. |
| 260 |
_aBarcelona : _bG.P., _c[1956?] |
||
| 300 |
_a224 p. ; _c11 cm. |
||
| 490 | 1 |
_aEnciclopedia pulga ; _v230 |
|
| 700 | 1 |
_aColl, Alejandro. _939607 |
|
| 830 | 1 |
_aEnciclopedia pulga ; _v230 _9191296 |
|
| 852 |
_aES-MaACL _j2311-F-52 |
||
| 999 |
_c188119 _d188119 |
||